Statistics for Most Common Colour Names

Click here to take the quiz!

General Stats

  • This quiz has been taken 64 times
  • The average score is 16 of 24

Answer Stats

Colour% Correct
Orange
100%
Black
98%
Blue
98%
Red
98%
Green
97%
Purple
97%
White
97%
Yellow
97%
Brown
93%
Gray
90%
Pink
88%
Violet
79%
Silver
62%
Indigo
57%
Magenta
50%
Teal
48%
Maroon
47%
Turquoise
40%
Tan
38%
Lime
36%
Navy
34%
Cyan
31%
Olive
21%
Aquamarine
9%

Score Distribution

Percentile by Number Answered

Percent of People with Each Score

Your Score History

You have not taken this quiz